Wilson Jones Mark, Principles of Roman Architecture, New Haven / Londres, Yale Univ. Press, 2000, 1 vol. 23,5 × 29,5, XII + 270 p., fig., tableaux ds t. (notice n° 1595635)

détails MARC
000 -LEADER
fixed length control field 01982cam a2200169 4500500
005 - DATE AND TIME OF LATEST TRANSACTION
control field 20251228073635.0
041 ## - LANGUAGE CODE
Language code of text/sound track or separate title fre
042 ## - AUTHENTICATION CODE
Authentication code dc
100 10 - MAIN ENTRY--PERSONAL NAME
Personal name Bourdin, Stéphane
Relator term author
245 00 - TITLE STATEMENT
Title Wilson Jones Mark, Principles of Roman Architecture, New Haven / Londres, Yale Univ. Press, 2000, 1 vol. 23,5 × 29,5, XII + 270 p., fig., tableaux ds t.
260 ## - PUBLICATION, DISTRIBUTION, ETC.
Date of publication, distribution, etc. 2005.<br/>
500 ## - GENERAL NOTE
General note 36
520 ## - SUMMARY, ETC.
Summary, etc. L’article est une étude critique élargie de l’ouvrage de P. Zanker, Ewald B. Chr., Mit Mythen leben, Die Bilderwelt der römischen Sarkophage. L’A., lui-même spécialiste reconnu de l’iconographie et des sarcophages romains, reprend les points essentiels de l’ouvrage, les discute et parfois les contredit. « Vivre avec des mythes » était naturel durant l’Antiquité, mais nous sommes aujourd’hui dans l’incapacité d’avoir les réactions des Anciens devant ces sarcophages et leur iconographie. Comme cette difficulté est définitive, R. T. rappelle l’importance des sources antiques qui, seules, contribuent à nous informer sur la lecture qu’il faut donner aux images sépulcrales.
520 ## - SUMMARY, ETC.
Summary, etc. To Live with Myths : About a Recent Book.This is an expanded review of the book by P. Zanker and B. Chr. Ewald, Mit Mythen leben, Die Bilderwelt der römischen Sarkophage. The A., a recognised specialist in Roman iconography and sarcophagi, examines and sometimes disagrees with some of the basic issues in the book. « To live with myths » was natural in Antiquity, but today we are quite incapable of sharing the original response of people to the sarcophagi and their iconography. This is an absolute difficulty, and the reviewer insists on the importance of ancient literary sources as our only means of understanding sepulchral imagery.
786 0# - DATA SOURCE ENTRY
Note Revue archéologique | 39 | 1 | 2005-03-01 | p. 89r-182r | 0035-0737
856 41 - ELECTRONIC LOCATION AND ACCESS
Uniform Resource Identifier <a href="https://shs.cairn.info/revue-archeologique-2005-1-page-89r?lang=fr&redirect-ssocas=7080">https://shs.cairn.info/revue-archeologique-2005-1-page-89r?lang=fr&redirect-ssocas=7080</a>

Pas d'exemplaire disponible.

PLUDOC

PLUDOC est la plateforme unique et centralisée de gestion des bibliothèques physiques et numériques de Guinée administré par le CEDUST. Elle est la plus grande base de données de ressources documentaires pour les Étudiants, Enseignants chercheurs et Chercheurs de Guinée.

Adresse

627 919 101/664 919 101

25 boulevard du commerce
Kaloum, Conakry, Guinée

Réseaux sociaux

Powered by Netsen Group @ 2025